Biometric fingerprint verification using bank of gabor and log gabor filters (Record no. 181411)
[ view plain ]
| 000 -LEADER | |
|---|---|
| fixed length control field | 00712 a2200181 4500 |
| 003 - CONTROL NUMBER IDENTIFIER | |
| control field | Nust |
| 005 - DATE AND TIME OF LATEST TRANSACTION | |
| control field | 20170207153212.0 |
| 040 ## - CATALOGING SOURCE | |
| Transcribing agency | Nust |
| 082 ## - DEWEY DECIMAL CLASSIFICATION NUMBER | |
| Classification number | 005.1 |
| 100 ## - MAIN ENTRY--PERSONAL NAME | |
| Personal name | Nemati, Jamshaid Rehan (MSCS-11) |
| 245 ## - TITLE STATEMENT | |
| Title | Biometric fingerprint verification using bank of gabor and log gabor filters |
| Statement of responsibility, etc. | Rehan Jamshaid Nemati |
| 260 ## - PUBLICATION, DISTRIBUTION, ETC. | |
| Name of publisher, distributor, etc. | MCS |
| Date of publication, distribution, etc. | May 2008 |
| 300 ## - PHYSICAL DESCRIPTION | |
| Extent | 100 p. |
| 505 ## - FORMATTED CONTENTS NOTE | |
| Formatted contents note | Introduction (page-1), Literature review (page-4), Filter bank based fingerprint matching (page-12), Analysis and design (page-17), Implementation (page-38), Experimental results and evaluation (page-62), Conclusion and future work (page-92). |
| 538 ## - SYSTEM DETAILS NOTE | |
| System details note | Almirah No 73 Shelf No 2 |
| 650 ## - SUBJECT ADDED ENTRY--TOPICAL TERM | |
| Topical term or geographic name entry element | MSCS Thesis |
| 651 ## - SUBJECT ADDED ENTRY--GEOGRAPHIC NAME | |
| Geographic name | MSCS-11 |
| 942 ## - ADDED ENTRY ELEMENTS (KOHA) | |
| Koha item type | |
| Withdrawn status | Lost status | Source of classification or shelving scheme | Damaged status | Not for loan | Collection code | Permanent Location | Current Location | Date acquired | Total Checkouts | Full call number | Barcode | Date last seen | Price effective from | Koha item type |
|---|---|---|---|---|---|---|---|---|---|---|---|---|---|---|
| Military College of Signals (MCS) | Military College of Signals (MCS) | 12/12/2016 | 005.1 NEM | MCSTCS-222 | 12/08/2016 | 12/12/2016 | Book | |||||||
| Military College of Signals (MCS) | Military College of Signals (MCS) | 12/12/2016 | 005.1 NEM | MCSTCS-94 | 12/08/2016 | 12/12/2016 | Book |
